000 00623nam a2200169 i 4500
001 149874
003 ES-MaACL
005 20230906203307.0
007 t|
008 071024s1906 sp ||||1| spa d
100 1 _aValladar, Francisco de Paula.
_9112722
245 1 0 _aGuía de Granada
_b: historia, descripciones, artes, costumbres, investigaciones arqueológicas /
_cpor Francisco de Paula Valladar.
260 _aGranada :
_b[s.n.,
_c1906] (
_fLit. Paulino Ventura Traveset)
300 _aXI, 531 p. :
_bil. ;
_c17 cm.
651 4 _aGranada-
_xDescripción.
_98768
852 _aES-MaACL
_jG-10104
999 _c149874
_d149874